Spain : Selected Issues.

This Selected Issues paper contains two studies examining key issues for fiscal management and long-term fiscal sustainability in Spain. The first study discusses how best to ensure fiscal discipline at lower levels of government by examining the institutional setting and mechanisms that make this t...

תיאור מלא

מידע ביבליוגרפי
מחבר תאגידי: International Monetary Fund
פורמט: כתב-עת
שפה:English
יצא לאור: Washington, D.C. : International Monetary Fund, 2005.
סדרה:IMF Staff Country Reports; Country Report ; No. 2005/057
גישה מקוונת:Full text available on IMF
LEADER 01539cas a2200241 a 4500
001 AALejournalIMF008772
008 230101c9999 xx r poo 0 0eng d
020 |c 5.00 USD 
020 |z 9781451934878 
022 |a 1934-7685 
040 |a BD-DhAAL  |c BD-DhAAL 
110 2 |a International Monetary Fund. 
245 1 0 |a Spain :   |b Selected Issues. 
264 1 |a Washington, D.C. :  |b International Monetary Fund,  |c 2005. 
300 |a 1 online resource (77 pages) 
490 1 |a IMF Staff Country Reports 
500 |a <strong>Off-Campus Access:</strong> No User ID or Password Required 
500 |a <strong>On-Campus Access:</strong> No User ID or Password Required 
506 |a Electronic access restricted to authorized BRAC University faculty, staff and students 
520 3 |a This Selected Issues paper contains two studies examining key issues for fiscal management and long-term fiscal sustainability in Spain. The first study discusses how best to ensure fiscal discipline at lower levels of government by examining the institutional setting and mechanisms that make this task particularly challenging in Spain's highly devolved political and fiscal system. The second study seeks to analyze the potential macroeconomic impact of different approaches to deal with the fiscal costs of aging in Spain. 
538 |a Mode of access: Internet 
830 0 |a IMF Staff Country Reports; Country Report ;  |v No. 2005/057 
856 4 0 |z Full text available on IMF  |u http://elibrary.imf.org/view/journals/002/2005/057/002.2005.issue-057-en.xml  |z IMF e-Library